000 01766nam a22003017a 4500
003 dpl
005 20080911114410.0
008 080911t xxu||||| |||| 00| 0 eng d
010 _aDVD-000609-611
024 _2A0197
_c599.00
035 _aDVD-000609-611
040 _aDPL
_cDPL
082 _aDVD / TIGG
245 _aTigger, The Movie
_cWalt Disney Pictures Presents
_h[videorecording] (DVD)/
260 _aBurbank, CA
_bWalt Disney Home Entertainment
300 _a1 videodiscs (77 min.):
_bsd., col.;
_c4 3/4 in.
_fDVD
440 _aWalt Disney Home Entertainment
500 _aSole Distributor in India M/s Excel Productions Audio Visuals Pvt. Ltd.
500 _aBonus New Kenny Loggins Never Before Seen "Your Heart Will Lead You Home" Music Video
538 _aDolby Digital 5.1-English, Chinese, Cantonese Subtitles-English, Chinese, Korean, Thain, Bahasa, Korean and Thai
538 _aAspect Ratio:1.85.1, Presentation Type: Wide Screen, Presentation Size 16x9, Formation: DVD 9- Dual Layer Single sided Disc,
650 _2Animated Movie
942 _2ddc
_cCF
_hDVD
_mTIGG
999 _c15740
_d15740